Największe miasta w Zjednoczonych Emiratach Arabskich - Statystyki

Ogólne statystyki
  • Ten quiz został rozwiązany 16 razy
  • Średni wynik to 3 z 8
Statystyki odpowiedzi
Ludność Miasto % Poprawnych
2,189,860 Abu Zabi
100%
3,564,931 Dubaj
92%
1,405,000 Szardża
38%
118,933 Fudżajra
23%
191,753 Ras al-Chajma
23%
490,035 Adżman
15%
846,747 Al-Ajn
15%
59,098 Umm al-Kajwajn
8%
Nie znaleziono quizów pasujących do podanych kryteriów
Rozkład punktacji
Procent ludzi z każdym wynikiem
Percentyl według liczby udzielonych odpowiedzi
Twoja historia wyników
Nie rozwiązałeś tego quizu